| 000 | 00652nam a2200217Ia 4500 | ||
|---|---|---|---|
| 001 | 17391 | ||
| 003 | GE_BSU | ||
| 008 | 181216s||||||||xx |||||||||||||| ||und|| | ||
| 040 | _cGE_BSU | ||
| 080 | _a82-93:821.161.1-3 | ||
| 100 | _aორჯონიკიძე,ვილი | ||
| 245 | _aთბილისის განთიადი | ||
| 245 | _bსაბავშვო მოთხრობები | ||
| 260 | _aთბილისი | ||
| 260 | _bნაკადული | ||
| 260 | _c1961 | ||
| 300 | _a162გვ. ; 20სმ | ||
| 300 | _eილ | ||
| 653 | _aსაბავშვო მოთხრობები | ||
| 942 | _cBK | ||
| 999 |
_c50446 _d50446 |
||